00470nam a22001817a 450000500170000001000150001702000100003203500130004203700130005508200080006810000220007624500670009825000120016526000360017727000490021330000230026270000030028520100814095637.0 aENG-100440 c40.00 aEN-83973 bDBAD/PUB a346 aPithawalla, H. D. aThe Divorce act, 1869 :cby H. D. Pithawallabact iv of 1869 / a5th ed. aMumbaibC. jamnadas & Co.c2008 a146-C, Shamaldas Gandhi MargbMumbaie400002 a48 p. c22cm (Pbk)